000 00690cam a22002533a 4500
001 324
003 PGUSA
005 20140828082946.0
008 080709s2008||||xxu|||||s|||||000 1 eng d
040 _aPGUSA
_beng
042 _adc
050 4 _aPS
100 1 _aFox, John,
_d1863-1919
245 1 2 _aA Knight of the Cumberland
_h[electronic resource] /
_cJohn Fox
260 _bProject Gutenberg,
_c2008
506 _aPublic domain in the USA.
516 _aElectronic text
653 _aKentucky -- Fiction
653 _aCountry life -- Fiction
653 _aHistorical fiction
830 0 _aProject Gutenberg
_v324
856 4 0 _uhttp://www.gutenberg.org/ebooks/324
942 _cEB
999 _c229675
_d229675